00569nam a22001697a 45000010005000000030009000050050017000140080041000310400038000720820024001102450115001342600041002493000023002905050012003136500045003257000029003708962BD-DhUAP20210113125930.0210113s1968 bg ||||| |||| 00| 0 eng d aBD-DhUAPbEngcBD-DhUAPdBD-DhUAP 223a348.549204 DAC  aThe Dacca law reports :btable of cases of the high court of East Pakistan /cedited by Obaidul Huq Chowdhury. aDacca : bDacca law reports,c1968.  avolumes ;c25 cm.  aV. 20-- aLaw reports, digests, etc. zBangladesh. aChowdhury, Obaidul Huq.